| 000 | 00349nam a22001337a 4500 | ||
|---|---|---|---|
| 082 |
_a491.593 _bROO |
||
| 100 |
_aRooks-Kepple,G _949866 |
||
| 245 |
_aManual of Pashtu _cG, Rooks-Kepple |
||
| 260 |
_aLondon _bLandi Kotal khyber Pass _c1901 |
||
| 300 | _a310p,: | ||
| 526 |
_a0 _b0 _c0 _d491_593000000000000_ROO |
||
| 650 |
_aMCE _9379 |
||
| 942 |
_2ddc _cBK |
||
| 999 |
_c552610 _d552610 |
||